| 000 | 00420nam a22001697a 4500 | ||
|---|---|---|---|
| 003 | SGT | ||
| 020 | _a9789393885296 | ||
| 082 |
_a610.73 _bC22B |
||
| 100 | _aBASHEER, SHEBEER P. | ||
| 245 | _aA CONCISE TB. OF ADVANCED NURSING PRACTICE | ||
| 250 | _a3RD | ||
| 260 |
_aINDIA _bEMMESS PUB _c2022 |
||
| 300 | _a810 | ||
| 650 | _aADVANCED NURSING PRACTICE | ||
| 653 | _aADVANCED NURSING PRACTICE | ||
| 942 |
_2ddc _cBK _03 |
||
| 999 |
_c27520 _d27520 |
||